| 000 | 00853nam a2200313 a 4500 | ||
|---|---|---|---|
| 003 | AR-BaBNM | ||
| 005 | 20251128203111.0 | ||
| 008 | 082120s2002 ||||||||||||||000 | spa|| | ||
| 040 | _cAR-BaBNM | ||
| 100 | 1 | _aSpeidel, Hans | |
| 245 | 0 | 0 | _aInvasión 1944 |
| 260 |
_aBuenos Aires _bCirculo Militar _c1975 |
||
| 300 |
_a205 p. _bláms. |
||
| 490 | 0 |
_aBiblioteca del oficial _vv. 600 |
|
| 650 | 4 | _aHISTORIA MILITAR | |
| 650 | 4 | _aHISTORIA POLITICA | |
| 650 | 4 | _aGUERRA | |
| 650 | 4 | _aOPERACIONES BELICAS | |
| 650 | 4 | _aFUERZAS ARMADAS | |
| 650 | 4 | _aGUERRAS MUNDIALES | |
| 650 | 4 | _aRELACIONES INTERNACIONALES | |
| 650 | 4 | _aNACIONES AGRESORAS | |
| 650 | 4 | _aDEFENSA | |
| 700 | 1 |
_aJünger, Ernst _eprologuista |
|
| 700 | 1 |
_aRuiz Guiñazu, Enrique _etraductor |
|
| 800 | 1 |
_aMartínez Pita, Rodolfo _efundador |
|
| 942 | _cBK | ||
| 998 | _cmariana | ||
| 999 |
_c1888 _d1888 |
||